[Event "Oberliga Ost-B 1920"]
[Site "Germany"]
[Date "2020.02.29"]
[Round "8.7"]
[White "Yaghy, Ritta"]
[Black "Bakiev, Diyor"]
[Result "1-0"]
[WhiteElo "1965"]
[BlackElo "2118"]
[PlyCount "49"]
[EventDate "2019.09.29"]
[EventType "team-tourn"]
[EventRounds "11"]
[EventCountry "GER"]
[SourceTitle "EXT 2023"]
[Source "ChessBase"]
[SourceDate "2022.10.05"]
[SourceVersion "1"]
[SourceVersionDate "2022.10.05"]
[SourceQuality "1"]
[WhiteTeam "Marburg"]
[BlackTeam "Wiesbaden"]
[WhiteTeamCountry "GER"]
[BlackTeamCountry "GER"]

1. e4 c6 2. d4 d5 3. Nc3 dxe4 4. Nxe4 Bf5 5. Ng3 Bg6 6. h4 h6 7. Bc4 e6 8. N1e2 Nf6 9. Nf4 Bh7 10. c3 Bd6 11. Nfh5 0-0 12. Rh3 e5 13. Nxf6+ Qxf6 14. Nh5 Qe7 15. Qg4 g6 16. Bxh6 exd4+ 17. Kf1 Nd7 18. Qxd7 gxh5 19. Rg3+ Bg6 20. Rxg6+ Kh7 21. Qxd6 Qxh4 22. Rg7+ Kh8 23. Kg1 dxc3 24. Bg5 Kxg7 25. Bxh4 1-0

[Event "GER-chT Lands U20"]
[Site "Wuerzburg"]
[Date "2019.10.03"]
[Round "3.4"]
[White "Reuter, Elisa"]
[Black "Yaghy, Ritta"]
[Result "0-1"]
[WhiteElo "1862"]
[BlackElo "1973"]
[PlyCount "58"]
[EventDate "2019.10.01"]
[EventType "team-swiss"]
[EventRounds "7"]
[EventCountry "GER"]
[SourceTitle "EXT 2020"]
[Source "ChessBase"]
[SourceDate "2019.10.17"]
[SourceVersion "1"]
[SourceVersionDate "2019.10.17"]
[SourceQuality "1"]
[WhiteTeam "Thueringen"]
[BlackTeam "Hessen"]
[WhiteTeamCountry "GER"]
[BlackTeamCountry "GER"]

1. e4 c5 2. Nf3 d6 3. d4 cxd4 4. Nxd4 Nf6 5. Nc3 a6 6. Be2 e5 7. Nb3 Be7 8. 0-0 0-0 9. Kh1 Nc6 10. f4 b5 11. a3 Bb7 12. f5 Rc8 13. Bf3 h6 14. Qe1 Nd4 15. Bd1 d5 16. exd5 Nxd5 17. Nxd4 Nxc3 18. bxc3 exd4 19. cxd4 Qxd4 20. Rb1 Bh4 21. Qb4 Rc4 22. Qb2 Qd6 23. Be2 Bf6 24. Qb3 Rh4 25. h3 Rc8 26. Bb2 Rc3 27. Bxc3 Rxh3+ 28. Kg1 Qh2+ 29. Kf2 Bh4# 0-1

[Event "GER-chT Lands U20"]
[Site "Wuerzburg"]
[Date "2019.10.02"]
[Round "1.2"]
[White "Schwartz, Oliver"]
[Black "Yaghy, Ritta"]
[Result "0-1"]
[WhiteElo "1650"]
[BlackElo "1973"]
[PlyCount "56"]
[EventDate "2019.10.01"]
[EventType "team-swiss"]
[EventRounds "7"]
[EventCountry "GER"]
[SourceTitle "EXT 2020"]
[Source "ChessBase"]
[SourceDate "2019.10.17"]
[SourceVersion "1"]
[SourceVersionDate "2019.10.17"]
[SourceQuality "1"]
[WhiteTeam "Wuerttemberg"]
[BlackTeam "Hessen"]
[WhiteTeamCountry "GER"]
[BlackTeamCountry "GER"]

1. e4 c5 2. Nf3 d6 3. d4 cxd4 4. Nxd4 Nf6 5. Nc3 a6 6. f3 e5 7. Nb3 Be6 8. Be3 Be7 9. Qd2 Nbd7 10. 0-0-0 0-0 11. g4 b5 12. Kb1 b4 13. Ne2 a5 14. Nbc1 a4 15. Ng3 Ne8 16. Nf5 Rb8 17. h4 Nc5 18. h5 Qc7 19. Bh3 b3 20. cxb3 axb3 21. a3 Na4 22. Ne2 Qc2+ 23. Ka1 Bxf5 24. gxf5 Nxb2 25. Qxc2 bxc2 26. Rc1 Nc4 27. Ba7 Ra8 28. Rxc2 Nxa3 0-1

[Event "Wiesbaden op 31st"]
[Site "Wiesbaden"]
[Date "2019.08.24"]
[Round "5"]
[White "Zeyen, Helmut"]
[Black "Yaghy, Ritta"]
[Result "1/2-1/2"]
[WhiteElo "1796"]
[BlackElo "1989"]
[PlyCount "72"]
[EventDate "2019.08.22"]
[EventType "swiss"]
[EventRounds "7"]
[EventCountry "GER"]
[SourceTitle "EXT 2020"]
[Source "ChessBase"]
[SourceDate "2019.10.17"]
[SourceVersion "1"]
[SourceVersionDate "2019.10.17"]
[SourceQuality "1"]

1. e4 c5 2. Nc3 a6 3. g3 Nc6 4. d3 e6 5. Nf3 d5 6. e5 Qc7 7. Qe2 Nge7 8. Bf4 Ng6 9. Bg2 Be7 10. Bh3 0-0 11. Rd1 b5 12. 0-0 Bb7 13. Rfe1 Rac8 14. Ng5 Nxf4 15. gxf4 Nd4 16. Qg4 Bxg5 17. fxg5 Nxc2 18. Re2 Nd4 19. Re3 Nf5 20. Ree1 b4 21. Ne2 Qxe5 22. Nf4 Qd4 23. Qf3 Nh4 24. Qg3 Ng6 25. Nxg6 hxg6 26. Rxe6 fxe6 27. Bxe6+ Rf7 28. Re1 Kf8 29. Qd6+ Kg8 30. Bxf7+ Kxf7 31. Re7+ Kg8 32. Qe6+ Kh7 33. Rxb7 Rf8 34. Qh3+ Kg8 35. Qe6+ Kh7 36. Qh3+ Kg8 1/2-1/2

[Event "Pardubice Czech op-B 30th"]
[Site "Pardubice"]
[Date "2019.07.26"]
[Round "8"]
[White "Pizzuto, Samuele Tullio"]
[Black "Yaghy, Ritta"]
[Result "1/2-1/2"]
[WhiteElo "2092"]
[BlackElo "1912"]
[PlyCount "102"]
[EventDate "2019.07.19"]
[EventType "swiss"]
[EventRounds "9"]
[EventCountry "CZE"]
[SourceTitle "EXT 2020"]
[Source "ChessBase"]
[SourceDate "2019.10.17"]
[SourceVersion "1"]
[SourceVersionDate "2019.10.17"]
[SourceQuality "1"]

1. d4 d5 2. Nc3 Nf6 3. Bg5 Nbd7 4. e3 h6 5. Bf4 a6 6. Bd3 c5 7. Nf3 e6 8. h3 Be7 9. 0-0 c4 10. Be2 b5 11. a3 0-0 12. Ne5 Bb7 13. Bf3 Nxe5 14. Bxe5 Bd6 15. Bxf6 Qxf6 16. e4 dxe4 17. Bxe4 Bxe4 18. Nxe4 Qf4 19. Nxd6 Qxd6 20. Re1 Rfd8 21. c3 Ra7 22. Qg4 Rad7 23. Re5 Qe7 24. Rae1 Rd5 25. f4 Qf6 26. R1e3 Kh7 27. h4 Qg6 28. Qd1 Qf6 29. g3 Qg6 30. Kf2 Kg8 31. h5 Qf6 32. Qf3 R8d7 33. Kg2 a5 34. Qe2 Kh7 35. a4 bxa4 36. Qxc4 Rb7 37. Re2 Rxe5 38. dxe5 Qf5 39. Rd2 Qb1 40. Qe2 Rb3 41. Rc2 a3 42. bxa3 Rxa3 43. Rb2 Qf5 44. g4 Qxf4 45. Qd3+ g6 46. hxg6+ Kg7 47. gxf7 Qxg4+ 48. Kh2 Qh4+ 49. Kg2 Qg4+ 50. Kh2 Qh4+ 51. Kg2 Qg4+ 1/2-1/2

[Event "Pardubice Czech op-B 30th"]
[Site "Pardubice"]
[Date "2019.07.24"]
[Round "6"]
[White "Yaghy, Ritta"]
[Black "Wehner, Janis"]
[Result "0-1"]
[WhiteElo "1912"]
[BlackElo "2131"]
[PlyCount "69"]
[EventDate "2019.07.19"]
[EventType "swiss"]
[EventRounds "9"]
[EventCountry "CZE"]
[SourceTitle "EXT 2020"]
[Source "ChessBase"]
[SourceDate "2019.10.17"]
[SourceVersion "1"]
[SourceVersionDate "2019.10.17"]
[SourceQuality "1"]

1. e4 c5 2. Nf3 d6 3. d4 cxd4 4. Nxd4 Nf6 5. Nc3 a6 6. f3 e5 7. Nb3 Be7 8. Be3 Be6 9. Qd2 0-0 10. g4 b5 11. g5 b4 12. Ne2 Ne8 13. 0-0-0 Nd7 14. f4 a5 15. f5 a4 16. Nbd4 exd4 17. Nxd4 b3 18. Kb1 bxc2+ 19. Nxc2 Bb3 20. axb3 axb3 21. Na3 Ne5 22. Qg2 Qb8 23. f6 Bd8 24. h4 Bb6 25. Bc1 Qb7 26. Rh3 Bc5 27. fxg7 Nxg7 28. h5 Ra4 29. Rd5 Rc8 30. g6 fxg6 31. hxg6 Bxa3 32. gxh7+ Kh8 33. bxa3 Rc2 34. Rxd6 Qc8 35. Bd2 0-1

[Event "Pardubice Czech op-B 30th"]
[Site "Pardubice"]
[Date "2019.07.23"]
[Round "5"]
[White "Yaghy, Ritta"]
[Black "Dylag, Emilia"]
[Result "1-0"]
[WhiteElo "1912"]
[BlackElo "2099"]
[PlyCount "79"]
[EventDate "2019.07.19"]
[EventType "swiss"]
[EventRounds "9"]
[EventCountry "CZE"]
[SourceTitle "EXT 2020"]
[Source "ChessBase"]
[SourceDate "2019.10.17"]
[SourceVersion "1"]
[SourceVersionDate "2019.10.17"]
[SourceQuality "1"]

1. e4 c5 2. Nf3 d6 3. d4 cxd4 4. Nxd4 Nf6 5. Nc3 a6 6. f3 e5 7. Nb3 Be7 8. Be3 Be6 9. Qd2 0-0 10. 0-0-0 a5 11. a4 Nc6 12. g4 Nb4 13. Kb1 Qb8 14. g5 Nh5 15. Rg1 Rc8 16. Bb6 Nf4 17. Be3 Nh5 18. Qf2 d5 19. exd5 Bf5 20. Rd2 Nf4 21. Bxf4 exf4 22. Bb5 Bd6 23. Ne4 Be5 24. Rgd1 Bxe4 25. fxe4 Qd6 26. c3 Na6 27. Nxa5 Qg6 28. Re2 Nc5 29. Nc4 Nxe4 30. Nxe5 Nxf2+ 31. Nxg6 Nxd1 32. Ne7+ Kf8 33. Nxc8 Rxc8 34. Re4 Nf2 35. Rxf4 Nh3 36. Rf5 Ke7 37. Bf1 Ng1 38. Kc2 f6 39. Kd3 Rf8 40. Ke3 1-0

[Event "Vellmar op 11th"]
[Site "Vellmar"]
[Date "2019.07.07"]
[Round "6"]
[White "Yaghy, Ritta"]
[Black "Heckmann, Torsten"]
[Result "1-0"]
[WhiteElo "1912"]
[BlackElo "1862"]
[PlyCount "39"]
[EventDate "2019.07.04"]
[EventType "swiss"]
[EventRounds "7"]
[EventCountry "GER"]
[SourceTitle "CBM 191 Extra"]
[Source "ChessBase"]
[SourceDate "2019.09.30"]
[SourceVersion "1"]
[SourceVersionDate "2019.09.30"]
[SourceQuality "1"]

1. e4 e5 2. Nf3 Nf6 3. Nc3 Nc6 4. d4 exd4 5. Nxd4 Bb4 6. Nxc6 bxc6 7. Bd3 0-0 8. 0-0 d5 9. exd5 Nxd5 10. Ne4 Bf5 11. Qf3 Bg6 12. a3 Be7 13. Rd1 Qc8 14. c4 Nb6 15. Bf4 Qe6 16. Re1 Rfe8 17. Nd6 Qf6 18. Nxe8 Rxe8 19. Bxg6 hxg6 20. Qg3 1-0

[Event "Vellmar op 11th"]
[Site "Vellmar"]
[Date "2019.07.05"]
[Round "2"]
[White "Yaghy, Ritta"]
[Black "Wiley, Tom E"]
[Result "1-0"]
[WhiteElo "1912"]
[BlackElo "2162"]
[PlyCount "127"]
[EventDate "2019.07.04"]
[EventType "swiss"]
[EventRounds "7"]
[EventCountry "GER"]
[SourceTitle "CBM 191 Extra"]
[Source "ChessBase"]
[SourceDate "2019.09.30"]
[SourceVersion "1"]
[SourceVersionDate "2019.09.30"]
[SourceQuality "1"]

1. e4 e6 2. d4 d5 3. Nc3 Bb4 4. a3 Bxc3+ 5. bxc3 dxe4 6. Qg4 Nf6 7. Qxg7 Rg8 8. Qh6 c5 9. Ne2 Bd7 10. Ng3 Bc6 11. Be3 Nbd7 12. Be2 Rg6 13. Qh4 Qa5 14. 0-0 0-0-0 15. c4 cxd4 16. Bxd4 Qg5 17. Qxg5 Rxg5 18. f3 a6 19. fxe4 Nxe4 20. Nxe4 Bxe4 21. Bf3 Bxf3 22. Rxf3 f5 23. Re1 Rg6 24. Rd3 Rdg8 25. Rd2 Nb8 26. Kf1 Rd8 27. Bc3 Rxd2 28. Bxd2 Nd7 29. Bc3 Kc7 30. Bb4 e5 31. Re3 h6 32. Rd3 Rc6 33. Rc3 Nf6 34. Ke2 Ne4 35. Rf3 f4 36. Kd3 Ng5 37. Rf1 Rg6 38. Ke2 Ne4 39. Kf3 Nd6 40. Bxd6+ Kxd6 41. Rd1+ Ke6 42. g3 fxg3 43. hxg3 Kf5 44. Rd5 Rc6 45. c5 Ke6 46. Ke4 b6 47. Rxe5+ Kf6 48. cxb6 Rxb6 49. Rc5 Kg6 50. Kd5 Kg5 51. Rc6 Rb2 52. c4 a5 53. Ra6 Rb3 54. Rxa5 Rxg3 55. Kd6+ Kf6 56. c5 Rd3+ 57. Kc7 h5 58. c6 h4 59. Kb6 Rb3+ 60. Rb5 Rxb5+ 61. Kxb5 h3 62. c7 h2 63. c8Q h1Q 64. Qc6+ 1-0

[Event "Rhein Main op-A 22nd"]
[Site "Bad Homburg"]
[Date "2019.06.19"]
[Round "1"]
[White "Yaghy, Ritta"]
[Black "Zuferi, Enis"]
[Result "0-1"]
[WhiteElo "1824"]
[BlackElo "2302"]
[PlyCount "72"]
[EventDate "2019.06.19"]
[EventType "swiss"]
[EventRounds "9"]
[EventCountry "GER"]
[SourceTitle "EXT 2020"]
[Source "ChessBase"]
[SourceDate "2019.10.17"]
[SourceVersion "1"]
[SourceVersionDate "2019.10.17"]
[SourceQuality "1"]

1. e4 c5 2. Nf3 d6 3. d4 Nf6 4. Nc3 cxd4 5. Nxd4 a6 6. Be3 Ng4 7. Bg5 h6 8. Bc1 Nf6 9. Be2 e5 10. Nb3 Be7 11. Be3 Be6 12. f3 b5 13. Qd2 Nbd7 14. 0-0-0 Qc7 15. g4 Nb6 16. Bxb6 Qxb6 17. Kb1 Rd8 18. Nd5 Nxd5 19. exd5 Bd7 20. f4 b4 21. Rhf1 a5 22. fxe5 dxe5 23. Qd3 Bg5 24. Qe4 0-0 25. Bd3 g6 26. Qxe5 Bxg4 27. Rde1 a4 28. Nd4 Rfe8 29. Qxe8+ Rxe8 30. Rxe8+ Kg7 31. Nc6 Bh3 32. Rd1 Bf4 33. Re4 Bd6 34. Rh4 Bg2 35. Be4 Qf2 36. Bxg2 Qxh4 0-1

[Event "Hessen-chA"]
[Site "Frankfurt"]
[Date "2019.05.31"]
[Round "4"]
[White "Yaghy, Ritta"]
[Black "Ahrends, Norbert"]
[Result "1-0"]
[WhiteElo "1783"]
[BlackElo "1927"]
[PlyCount "53"]
[EventDate "2019.05.30"]
[EventType "swiss"]
[EventRounds "7"]
[EventCountry "GER"]
[SourceTitle "EXT 2020"]
[Source "ChessBase"]
[SourceDate "2019.10.17"]
[SourceVersion "1"]
[SourceVersionDate "2019.10.17"]
[SourceQuality "1"]

1. e4 c5 2. Nf3 d6 3. d4 cxd4 4. Nxd4 Nf6 5. Nc3 a6 6. Be3 e5 7. Nb3 Be6 8. f3 Nbd7 9. Qd2 Be7 10. 0-0-0 Qc7 11. Kb1 b5 12. g4 Nb6 13. g5 Nfd7 14. Na5 b4 15. Nd5 Nxd5 16. exd5 Bf5 17. Nc6 a5 18. f4 f6 19. Rg1 exf4 20. Bxf4 Ne5 21. gxf6 Bxf6 22. Nxe5 dxe5 23. Bb5+ Kd8 24. Bg5 Bg6 25. d6 Qc5 26. Ba4 Rc8 27. Be3 1-0

[Event "Wch U14 Girls"]
[Site "Al Ain"]
[Date "2013.12.21"]
[Round "4"]
[White "Yaghy, Ritta"]
[Black "Yao, Lan"]
[Result "0-1"]
[WhiteElo "1751"]
[BlackElo "2009"]
[PlyCount "82"]
[EventDate "2013.12.18"]
[EventType "swiss"]
[EventRounds "11"]
[EventCountry "UAE"]
[SourceTitle "CBM 158 Extra"]
[Source "ChessBase"]
[SourceDate "2014.02.28"]
[SourceVersion "1"]
[SourceVersionDate "2014.02.28"]
[SourceQuality "1"]

1. e4 c5 2. Nf3 d6 3. d4 cxd4 4. Nxd4 Nf6 5. Nc3 a6 6. Bd3 e5 7. Nb3 Be7 8. 0-0 0-0 9. Qe2 Be6 10. f4 exf4 11. Bxf4 Nc6 12. Kh1 Ne5 13. Nd4 Qb6 14. Nxe6 fxe6 15. Bxe5 dxe5 16. Nd1 Rac8 17. Ne3 Qc6 18. Nc4 Qc7 19. Rad1 b5 20. Nd2 Nd7 21. c4 b4 22. b3 Bc5 23. Qg4 Qb6 24. Nf3 Rf4 25. Qh5 g6 26. Qh3 Be7 27. Bc2 Qc6 28. Qg3 Rcf8 29. Nd2 Bc5 30. Rf3 Qd6 31. Rd3 Qe7 32. Nf3 Nf6 33. R3d2 Qa7 34. Qh3 Ng4 35. g3 Rxf3 36. Qxg4 Qf7 37. Rd7 Rf1+ 38. Kg2 Qf6 39. Bb1 h5 40. Qh4 Qf3+ 41. Kh3 Rxd1 0-1

[Event "Wch U14 Girls"]
[Site "Al Ain"]
[Date "2013.12.20"]
[Round "3"]
[White "Vazquez Maccarini, Danitza"]
[Black "Yaghy, Ritta"]
[Result "0-1"]
[WhiteElo "1914"]
[BlackElo "1751"]
[PlyCount "108"]
[EventDate "2013.12.18"]
[EventType "swiss"]
[EventRounds "11"]
[EventCountry "UAE"]
[SourceTitle "CBM 158 Extra"]
[Source "ChessBase"]
[SourceDate "2014.02.28"]
[SourceVersion "1"]
[SourceVersionDate "2014.02.28"]
[SourceQuality "1"]

1. e4 c5 2. Nf3 e6 3. d4 cxd4 4. Nxd4 a6 5. Bd3 Qc7 6. Nc3 Nf6 7. 0-0 d6 8. Kh1 Nbd7 9. f4 Be7 10. Qf3 b5 11. Qg3 b4 12. Nd1 Bb7 13. Nf2 h5 14. Bd2 h4 15. Qh3 Nc5 16. Rae1 Nh5 17. f5 0-0-0 18. Kg1 Bf6 19. Ne2 Qb6 20. Be3 Kb8 21. a3 Be5 22. axb4 Qxb4 23. c3 Qb3 24. Nd4 Qb6 25. b4 Nxd3 26. Nxd3 Qc7 27. fxe6 Qxc3 28. Nxe5 dxe5 29. Rc1 Qd3 30. e7 Rxd4 31. Rxf7 Re8 32. Rf8 Nf6 33. Rxe8+ Nxe8 34. Bxd4 Qxd4+ 35. Kh1 Qxe4 36. Rd1 g5 37. Rg1 Bc8 38. Qf3 Qxf3 39. gxf3 g4 40. Rd1 Kc7 41. Rd8 Bd7 42. fxg4 Kd6 43. h3 Kxe7 44. Rb8 Bc6+ 45. Kg1 Kd7 46. Rb6 Nc7 47. Rb8 e4 48. Rh8 e3 49. Rxh4 Ne6 50. Kf1 Bb5+ 51. Ke1 Ng5 52. Rh7+ Nxh7 53. h4 Ke6 54. g5 Kf5 0-1

[Event "Asia U20 Girls op"]
[Site "Sharjah"]
[Date "2013.04.06"]
[Round "7"]
[White "Yaghy, Ritta"]
[Black "Nandhidhaa, PV."]
[Result "0-1"]
[WhiteElo "1767"]
[BlackElo "2150"]
[PlyCount "124"]
[EventDate "2013.03.30"]
[EventType "swiss"]
[EventRounds "9"]
[EventCountry "UAE"]
[SourceTitle "CBM 153 Extra"]
[Source "ChessBase"]
[SourceDate "2013.04.22"]
[SourceVersion "1"]
[SourceVersionDate "2013.04.22"]
[SourceQuality "1"]

1. e4 c5 2. Nf3 e6 3. d4 cxd4 4. Nxd4 a6 5. Bd3 Bc5 6. Nb3 Be7 7. Nc3 d6 8. Qe2 Nd7 9. Bd2 Qc7 10. 0-0 Ngf6 11. Kh1 b5 12. f4 Bb7 13. Nd4 0-0 14. b4 Nb6 15. a4 bxa4 16. Nxa4 Rfc8 17. Nxb6 Qxb6 18. c3 a5 19. bxa5 Rxa5 20. Rxa5 Qxa5 21. Rb1 Ba8 22. Nf3 Qa2 23. Qe1 d5 24. Ra1 Qb2 25. Rb1 Qa2 26. Ra1 Qb3 27. Nd4 Qb6 28. e5 Ne4 29. Bxe4 dxe4 30. Be3 Qd8 31. Rd1 Bd5 32. f5 Qc7 33. Qg3 Kh8 34. Rc1 Bf8 35. fxe6 fxe6 36. c4 Qf7 37. Qf4 Qxf4 38. Bxf4 Rxc4 39. Rxc4 Bxc4 40. Kg1 Bc5 41. Be3 Kg8 42. Kf2 Kf7 43. Nc2 Be7 44. Kg3 Kg6 45. Nd4 Bd5 46. Kh3 Bg5 47. Nc2 Bb3 48. Bxg5 Kxg5 49. Nd4 Bc4 50. Kg3 e3 51. Kf3 e2 52. Kf2 Kf4 53. Nf3 Bd5 54. Kxe2 Bxf3+ 55. gxf3 Kxe5 56. Ke3 Kf5 57. Ke2 Kf4 58. Kf2 g5 59. Kg2 h5 60. h3 e5 61. Kf2 h4 62. Ke2 Kg3 0-1

[Event "Asia U20 Girls op"]
[Site "Sharjah"]
[Date "2013.03.31"]
[Round "2"]
[White "Yaghy, Ritta"]
[Black "Pujari, Rucha"]
[Result "0-1"]
[WhiteElo "1767"]
[BlackElo "2121"]
[PlyCount "110"]
[EventDate "2013.03.30"]
[EventType "swiss"]
[EventRounds "9"]
[EventCountry "UAE"]
[SourceTitle "CBM 153 Extra"]
[Source "ChessBase"]
[SourceDate "2013.04.22"]
[SourceVersion "1"]
[SourceVersionDate "2013.04.22"]
[SourceQuality "1"]

1. e4 c5 2. Nf3 e6 3. d4 cxd4 4. Nxd4 a6 5. Bd3 Bc5 6. Nb3 Ba7 7. Qe2 d6 8. Nc3 Nc6 9. Be3 Nge7 10. 0-0 e5 11. Kh1 Be6 12. Bxa7 Rxa7 13. Qe3 b5 14. a3 Rd7 15. Rad1 0-0 16. f3 Kh8 17. Qc1 Qb6 18. Rfe1 b4 19. Na4 Qb8 20. Bf1 f5 21. Qe3 Bxb3 22. Qxb3 Nd4 23. Qd3 fxe4 24. Qxe4 Rf4 25. Qd3 bxa3 26. bxa3 Ne6 27. Rxe5 Rd4 28. Rxe6 Rxd3 29. Bxd3 Nc6 30. Rde1 Rd8 31. Nc3 Ne5 32. Bxa6 Qc7 33. Nd5 Qa5 34. Nb4 Qxa3 35. Nc6 Qc3 36. R1xe5 dxe5 37. h3 Ra8 38. Bd3 Qd2 39. Rxe5 Qf4 40. Re1 Qg3 41. Rb1 g6 42. Be4 Rc8 43. Ne7 Rd8 44. Nd5 Qe5 45. Ne3 Qf4 46. Nf1 Rd7 47. c4 Rc7 48. Bd5 Ra7 49. g3 Qf5 50. Rb8+ Kg7 51. g4 Qd3 52. Rg8+ Kh6 53. Kg2 Ra2+ 54. Kg1 Qd4+ 55. Kh1 Qf2 0-1